SLB Founding Brothers - Statistics

General Stats
  • This quiz has been taken 9 times
  • The average score is 9 of 18
Answer Stats
Answer Hint % Correct
Jose Fong 5
100%
Mario Buendia 1
100%
Baltazar Mendoza-Madrigal 9
67%
Enrique Carbajal 2
67%
Juan Valdez 17
67%
Luis Jimenez 7
67%
Luis Marquez 8
67%
Manuel Chavarria 4
67%
Thomas Carrasquillo 3
67%
Eugenio Soria 16
33%
Jaime Ramirez 13
33%
Juan Jose Rojas Cardona 15
33%
Kuy Ou 11
33%
Olivero Rivera 14
33%
Ricardo Zamudio 18
33%
Rodolfo Garza 6
33%
Eric Montes 10
0%
Olakunle Oyeyemi 12
0%
No matching quizzes found
Score Distribution
Percent of People with Each Score
Percentile by Number Answered
Your Score History
You have not taken this quiz